| 000 | 01552nam a22003250a 4500 | ||
|---|---|---|---|
| 001 | PT12986 | ||
| 003 | AR-LpoUNG | ||
| 005 | 20210131232532.0 | ||
| 008 | 191001s1980||||ag |||||||||||||||||spa d | ||
| 040 |
_aAR-LpoUNG _bspa _cAR-LpoUNG _eaacr |
||
| 041 | _aspa | ||
| 044 | _aag | ||
| 082 | 0 | _a982.12 796car | |
| 245 | 1 | 0 |
_aCaras y contracaras de una ciudad imaginada : _bMar del Plata : de la prehistoria a la actualidad |
| 260 |
_aMar del Plata : _bFacultad de Humanidades, _c[1980]. |
||
| 300 |
_a152 p. : _btbls., mapas |
||
| 520 | _a<p>En este libro se relata de qué manera vivieron los habitantes de un amplio espacio que hoy se conoce con el nombre de Mar del Plata. Dos ideas recorren este texto. Una, se relaciona con la dimensión regional, instalados en la ciudad, la mirada de los autores se ensancha para abarcar un ámbito más vasto, en un movimiento que une las sierras y el mar; se detiene también en los cambios derivados de la actividad humana sobre el medio natural. La otra idea, se vincula a la unidad sierra-mar y al mundo rural-urbano como soportes de las transformaciones socio-económicas de la región y de la ciudad.</p> | ||
| 650 | 4 | _aCULTURA | |
| 650 | 4 | _aDESARROLLO ECONOMICO Y SOCIAL | |
| 650 | 4 | _aGOBIERNO LOCAL | |
| 650 | 4 | _aHISTORIA SOCIAL | |
| 650 | 4 | _aPLANIFICACION URBANA | |
| 650 | 4 | _aPOBLACION | |
| 650 | 4 | _aPOBLACION INDIGENA | |
| 650 | 4 | _aURBANISMO | |
| 651 | 4 | _aArgentina | |
| 710 | 2 | _aUniversidad Nacional de Mar del Plata. Facultad de Humanidades | |
| 905 | _a12986 | ||
| 942 | _cLIB | ||
| 999 |
_c16137 _d16137 |
||